000
00216nam a22000977a 4500
999
_c
15852
_d
15852
003
OSt
008
191022b ||||| |||| 00| 0 eng d
100
_a
Kunjan ,Pillai P N.
_9
4348
245
_a
Chandrolsavam
942
_c
BK